History Quiz

Random History or War Quiz

Countries by Military Leaders Quiz Stats

Quiz Updated Nov 21, 2015

Challenge
Share
Tweet
Embed
Score 0/30 Timer 05:00
0 Plays Today
% Correct
Charles de Gaulle
96.6%
Napoleon Bonaparte
95.5%
Sun Tzu
95.1%
Zheng He
94.7%
Erich von Ludendorff
94.3%
George S. Patton
94.2%
Han Xin
94.2%
Fernández de Córdoba
94%
Douglas MacArthur
93.8%
Mikhail Kutusov
92.6%
Paul von Hindenburg
92.5%
Alexander Suvorov
92.2%
Julius Caesar
91.6%
Georgy Zhukov
91.4%
Bernard Montgomery
91%
% Correct
Isoroku Yamamoto
90.5%
Ulysses Grant
90.3%
Arthur Wellesley
89.5%
Alexander the Great
89.1%
Erwin Rommel
88.9%
Tokugawa Ieyasu
88.8%
Cardinal-Infante Ferdinand
87.6%
Ptolemy
85.8%
Ambrogio Spinola
83.8%
Oda Nobunaga
82.8%
Douglas Haig
82.7%
Maurice de Saxe
78.2%
Marcus Licinus Crassus
77.6%
Parmenio
70%
Scipio Africanus
55.1%

You're not logged in!

Compare scores with friends on all Sporcle quizzes.
Sign Up with Email
OR
Log In

You Might Also Like...

Show Comments

Extras

Top Quizzes Today


Score Distribution

Your Account Isn't Verified!

In order to create a playlist on Sporcle, you need to verify the email address you used during registration. Go to your Sporcle Settings to finish the process.